Ariyalur environment / (Record no. 29703)

MARC details
000 -LEADER
fixed length control field 00833nam a22002297a 4500
005 - DATE AND TIME OF LATEST TRANSACTION
control field 20090827143017.0
008 - FIXED-LENGTH DATA ELEMENTS--GENERAL INFORMATION
fixed length control field 090827t xxu||||| |||| 00| 0 eng d
010 ## - LCCN (DPL NO)
LC control number ENG-94934
020 ## - INTERNATIONAL STANDARD BOOK NUMBER
International Standard Book Number 9789380211442
Terms of availability 120.00
035 ## - SYSTEM CONTROL NUMBER
System control number EN-78467
037 ## - SOURCE OF ACQUISITION
Source of stock number/acquisition DBAD / PUB
040 ## - CATALOGING SOURCE
Original cataloging agency dpl
Language of cataloging English
082 ## - DEWEY DECIMAL CLASSIFICATION NUMBER
Classification number 333.7095431
100 ## - MAIN ENTRY--PERSONAL NAME
Personal name Chitra, K
245 ## - TITLE STATEMENT
Title Ariyalur environment /
Statement of responsibility, etc by K. Chitra
260 ## - PUBLICATION, DISTRIBUTION, ETC. (IMPRINT)
Place of publication, distribution, etc Pollachi
Name of publisher, distributor, etc Eathir Publications
Date of publication, distribution, etc 2009
270 ## - ADDRESS
Address 305, Police Station Road,
City Pollachi
Postal code 642001
300 ## - PHYSICAL DESCRIPTION
Extent 116p.
Dimensions 21cm(pbk)
500 ## - GENERAL NOTE
General note include bibliographical references
942 ## - ADDED ENTRY ELEMENTS (KOHA)
Source of classification or shelving scheme Dewey Decimal Classification
Item type English Books
Call number suffix CHI
Classification part 333.7095431
Holdings
Withdrawn status Lost status Source of classification or shelving scheme Damaged status Not for loan Collection code Home library Current library Date acquired Source of acquisition Cost, normal purchase price Total Checkouts Full call number Barcode Date last seen Copy number Cost, replacement price Koha item type
    Dewey Decimal Classification   Not For Loan Non-fiction D.B.Act.Division D.B.Act.Division 27/08/2009 DBAD / PUB 120.00   333.7095431 CHI EN-78467 27/08/2009 1 120.00 English Books

© Delhi Public Library
Hit Counter
free hit counter